000 00506cam a2200145 4500500
005 20251012031724.0
041 _afre
042 _adc
100 1 0 _aMartin, Hervé
_eauthor
245 0 0 _aPages de début
260 _c2025.
500 _a85
786 0 _nRevue de philologie, de littérature et d'histoire anciennes | XCVII | 1 | 2025-02-03 | p. 3-6 | 0035-1652
856 4 1 _uhttps://shs.cairn.info/revue-de-philologie-litterature-et-histoire-anciennes-2023-1-page-3?lang=fr&redirect-ssocas=7080
999 _c1546347
_d1546347